El gran poder de las pequeñas ideas /
Guardado en:
| Autor Principal: | |
|---|---|
| Formato: | Libro |
| Idioma: | Spanish |
| Publicado: |
Buenos Aires :
Sudamericana,
c1999.
|
| Materias: | |
| Etiquetas: |
Agregar Etiqueta
Sin Etiquetas, Sea el primero en etiquetar este registro!
|
| LEADER | 00719nam a22001935a 4500 | ||
|---|---|---|---|
| 001 | EAD.ead004616 | ||
| 008 | 221107s1999####ag#######b####000#0#spa#d | ||
| 005 | 20221107105111.0 | ||
| 245 | 1 | 3 | |a El gran poder de las pequeñas ideas / |c Peter Drucker ; traducción de Federico Villegas. |
| 260 | |a Buenos Aires : |b Sudamericana, |c c1999. | ||
| 300 | |a 221 p. ; |c 23 cm. | ||
| 500 | |a Traducción de: On the profession of management. | ||
| 504 | |a Incluye referencias bibliográficas. | ||
| 020 | |a 9500715589 | ||
| 100 | 1 | |a Drucker, Peter F. |q (Peter Ferdinand), |d 1909-2005. | |
| 082 | 0 | 4 | |a 658.4 |2 21 |
| 650 | 7 | |a Gerentes. |2 unbist | |
| 650 | 7 | |a Toma de decisiones. |2 unbist | |
| 859 | |a AR-BaBDC |b BIB. ADMINISTRACION - Libros |h 658.4 |i D84-7 |p b07348 | ||
